000 00618nam a22001817a 4500
005 20251108164651.0
008 250721s1993 xx 000 0 ara d
082 1 4 _a811.909/علي
100 1 _aالشرع، علي
245 1 0 _aالفكر البروميثي و الشعر العربي الحديث /
264 1 _aإربد :
_bجامعة اليرموك - عمادة البحث العلمي و الدراسات العليا،
_c1993.
300 _a160ص
650 1 7 _aالشعر العربي
650 1 7 _aالنقد الأدبي
650 1 7 _aالأدب اليوناني
942 _2ddc
_cBK
999 _c11352
_d11352